Kviz općeg znanja A-Ž - Statistics

General Stats
  • This quiz has been taken 581 times
  • The average score is 14 of 30
Answer Stats
Hint Answer % Correct
A djevojčica poznata po svom dnevniku Anne Frank
93%
Ć službeno pismo Rusije ćirilica
88%
L poznati muzej u Parizu Louvre
82%
O stilska figura oponašanja zvukova onomatopeja
80%
J najbolja hrvatska skijašica Janica Kostelić
78%
N španjolski teniser Rafael Nadal
77%
G šećer heksoza prisutan u krvi glukoza
70%
Č srednjoafrička država Čad
67%
D grčki bog vina i veselja Dioniz
57%
H hrvatski rock sastav (Mile Kekin) Hladno pivo
57%
Đ biljka za zvonastim bijelim cvjetovima đurđevak
54%
T poznati hrvatski voditelj i glumac Tarik Filipović
53%
drugi naziv za vreću džak
49%
E cijev koja spaja ždrijelo sa srednjim uhom Eustahijeva cijev
45%
NJ crnogorski vladika i književnik Petar II Petrović Njegoš
44%
B moreuz između SAD-a i Rusije Beringov moreuz
43%
I glavni grad Pakistana Islamabad
39%
C nauka o ćelijama citologija
38%
P ratovi između Rima i Kartage Punski ratovi
36%
Ž drugi naziv za kadulju žalfija
33%
V hemijski element čiji je simbol V vanadij
32%
F mjerna jedinica za kapacitet farad
31%
K poznata opera Georgesa Bizeta Karmen
31%
S slatko jelo od riže sutlijaš
29%
Z nekadašnji naziv DR Kongo Zair
28%
R knjiga Daniela Defoa Robinson Crusoe
25%
LJ pokojni glumac sa nadimkom Smoki Ljubiša Samardžić
18%
Š japanska autohtona religija šintoizam
16%
U latinski naziv za Malog medvjeda Ursa minor
13%
M francuski kompozitor poznat po djelu "Bolero" Maurice Ravel
8%
No matching quizzes found
Score Distribution
Percent of People with Each Score
Percentile by Number Answered
Your Score History
You have not taken this quiz